00585 a2200181 4500003000400000005001700004008004100021020001800062040000900080082001800089100002300107245004100130260003200171300000900203942004200212952013200254999001700386OSt20231223131031.0231223b |||||||| |||| 00| 0 eng d a9789350007211 coclc a891.43bKAL/K aKalia, Mamta 9362 aKAL PARSON KE BARSON /cMamta Kaliia aNew Delhi:bVani Prakashan, a139p 2ddccBKh891.43iKAL/Kk891.43mKAL/K 00102ddc40708MEMOIRSaMESbMEScHINd2023-12-23l0o891.43 KAL/Kp43183r2023-12-23 13:11:32v225.00w2023-12-23yBKzGR7R4 c43549d43549